000 00626cam a2200217 4500
008 030331n2002 000 0 eng u
020 _a185604422X
035 _a(Sirsi) u121785
041 _aeng
050 _a025.2
_c18
100 _aLee, Stephen
245 _aBuilding an electronic resource collection
_ba pratical guide
260 _aLondon
_bLibrary Association
_c2002
300 _avi, 147p.
_c24cm.
350 _a24.95
650 _aCOLLECTION DEVELOPMENT
650 _aCOLLECTION MANAGEMENT
650 _aONLINE INFORMATION
690 _aMANAGEMENT-BUSINESS MANAGEMENT-INFORMATION MANAGEMENT
942 _n0
999 _c102737
_d102737